| 000 | 00523nam a2200205 a 4500 | ||
|---|---|---|---|
| 001 | BRCA_7184 | ||
| 005 | 20190320205737.0 | ||
| 008 | 130112s1902----gw-#######---#000-0#ger-# | ||
| 041 | _ager | ||
| 044 | _agw | ||
| 050 | 4 |
_aPG3456 _b.A13 1902 |
|
| 100 | 1 |
_aChejov, Anton Pavlovich _d1860-1904. _917805 |
|
| 245 | 1 | 0 |
_aDei Bauern _cAnton Tschechoff. |
| 260 |
_aLeipzig, Alemania _bE. Diederichs _c1902 |
||
| 300 |
_a242 p. _c19 cm. |
||
| 500 | _aP76 | ||
| 650 | 1 | 4 |
_aLiteratura rusa _917806 |
| 902 | _aGFM | ||
| 942 |
_2lcc _cB |
||
| 999 |
_c6865 _d6865 |
||